La personne et le drame humain chez Teilhard de Chardin

Сохранить в:
Библиографические подробности
Главный автор: Barthélemy Madaule, Madeleine (Автор)
Формат:
Язык:французский
Опубликовано: París Du Seuil 1967
Предметы:
Метки: Добавить метку
Нет меток, Требуется 1-ая метка записи!

MARC

LEADER 00000nam a2200000 a 4500
001 UCZ3686
003 CL-VaPUC
008 951027e19670000FR |||||||||||||||||fre|d
082 0 4 |a 201  |b BAR  |2 21 
100 0 |a Barthélemy Madaule, Madeleine  |e author  |9 347520 
245 1 3 |a La personne et le drame humain chez Teilhard de Chardin 
300 |a 330 p 
942 |c BK 
945 |d 19951027 00:00:00  |a cmena 
260 |a París  |b Du Seuil  |c 1967 
650 0 |a Filosofía cristiana   |9 265980 
650 0 |a Humanismo  |9 256530 
650 0 |a Teología   |9 258766 
650 7 |a SER  |2 CL-VaPUC  |9 320176 
650 7 |a HOMBRE  |2 CL-VaPUC  |9 262149 
650 0 |a Antropología   |9 233030 
583 |a last modification  |c 19951027 00:00:00  |k Rodrigo Vera 
999 |c 240136  |d 240134 
952 |0 0  |1 0  |4 0  |6 201_000000000000000_BAR_1967  |7 0  |8 P  |9 251775  |a BIBEDU  |b BIBEDU  |c BIBEDU_PB  |d 2019-11-18  |i 1589504  |o 201 BAR 1967  |p 1589504  |r 2024-01-25  |w 2019-11-18  |y BK  |k FIL